The discursive fight over religious texts in antiquity (Record no. 97350)
[ view plain ]
| 000 -LEADER | |
|---|---|
| fixed length control field | 01554nam a2200373Ia 4500 |
| 245 04 - TITLE STATEMENT | |
| Title | The discursive fight over religious texts in antiquity |
| 260 ## - PUBLICATION, DISTRIBUTION, ETC. (IMPRINT) | |
| Place of publication | Aarhus, Denmark : |
| Name of publisher | Aarhus University Press, |
| Year of publication | c2009. |
| 300 ## - PHYSICAL DESCRIPTION | |
| Number of Pages | 207 p. : |
| Other physical details | ill. |
| 490 1# - SERIES STATEMENT | |
| Series statement | Acta Jutlandica Theological series, |
| 650 #0 - SUBJECT ADDED ENTRY--TOPICAL TERM | |
| Topical Term | Christianity and other religions |
| Topical Term | Christianity and other religions |
| Topical Term | Church history |
| 700 1# - ADDED ENTRY--PERSONAL NAME | |
| Personal name | Jacobsen, Anders-Christian. |
| 856 40 - ELECTRONIC LOCATION AND ACCESS | |
| Uniform Resource Identifier | http://site.ebrary.com/lib/rucke/Doc?id=10607757 |
No items available.
